Plan estratégico de marketing para la empresa Soluciones Electrónicas y Más
Presenta un plan estratégico de marketing para la empresa Soluciones Electrónicas y Más a través del análisis de los entornos y la industria, estableciendo un FODA para conocer las conclusiones de los entornos y desarrollar estrategias que permitan el desarrollo y crecimiento de la empresa...
| Main Authors: | , , |
|---|---|
| Other Authors: | |
| Format: | Tesis Section = Libro |
| Language: | Undetermined Spanish |
| Published: |
Managua
UNI
2017
|
| Subjects: |
| LEADER | 01207nam a2200277Ia 4500 | ||
|---|---|---|---|
| 008 | 240830s9999 xx 000 0 und d | ||
| 040 | |a BIBLIOTECA-RUPAP T.Mon 658.4012 S456 | ||
| 041 | |a spa | ||
| 082 | |a T.Mon 658.4012 S456 | ||
| 100 | 1 | |a Segura Bonilla, Flavio José | |
| 100 | 1 | |b Meléndez Herman, Miguel Alejandro | |
| 100 | 1 | |c Rivera Pérez, César Augusto | |
| 245 | 1 | 0 | |a Plan estratégico de marketing para la empresa Soluciones Electrónicas y Más |
| 260 | |a Managua |b UNI |c 2017 | ||
| 300 | |a 62 p. :il. | ||
| 500 | |a Contiene: anexos y CD. | ||
| 502 | |a Tesis (Ingeniero de Sistemas)- UNI, 2017. | ||
| 520 | 3 | |a Presenta un plan estratégico de marketing para la empresa Soluciones Electrónicas y Más a través del análisis de los entornos y la industria, estableciendo un FODA para conocer las conclusiones de los entornos y desarrollar estrategias que permitan el desarrollo y crecimiento de la empresa | |
| 650 | 7 | |a PLANIFICACION ESTRATEGICA | |
| 650 | 7 | |b ADMINISTRACION ESTRATEGICA | |
| 650 | 7 | |c ESTRATEGIA DE MERCADO | |
| 650 | 7 | |d ESTRATEGIA ORGANIZACIONAL | |
| 700 | 1 | |a Tutor: |b Zúñiga Morales, Gonzalo de Jesús | |
| 942 | |c BK |2 ddc | ||
| 991 | |a TESIS | ||
| 999 | |c 18590 | ||